Countries Lil Jon has Visited - Statistics

General Stats
  • This quiz has been taken 3 times
  • The average score is 19 of 21
Answer Stats
Continent Country % Correct
Oceania Australia
100%
North America Bahamas
100%
South America Brazil
100%
North America Canada
100%
Europe France
100%
Europe Germany
100%
Asia India
100%
Asia Indonesia
100%
Europe Ireland
100%
Asia Japan
100%
North America Mexico
100%
Europe Netherlands
100%
Europe Norway
100%
Asia South Korea
100%
Europe Spain
100%
Europe Sweden
100%
Europe United Kingdom
100%
North America United States of America
100%
Asia Philippines
67%
Europe New Zealand
33%
Asia Thailand
33%
No matching quizzes found
Score Distribution
Percent of People with Each Score
Percentile by Number Answered
Your Score History
You have not taken this quiz